<The> Richness and Variety of the Language in Business Context

Učebnice "Market Leader Business English" a "Ideálne idiomy v podnikovej anglickej komunikácii" predstavujú širokú škálu formálnych a neformálnych obchodných výrazov. Neformálne využívanie jazykových prostriedkov sa stáva čoraz rozšírenejšie. Idiómy sa teraz používajú viac vo formálnej písomnej form...

Celý popis

Uložené v:
Podrobná bibliografia
Hlavný autor: Hrdličková, Zuzana
Médium: Kapitola
Jazyk:English
Predmet:
Tagy: Pridať tag
Žiadne tagy, Buďte prvý, kto otaguje tento záznam!

MARC

LEADER 00000naa$a2200000$$$4500
001 0249670
005 20240502083711.3
041 0 |a eng 
044 |a CZ 
245 1 0 |a <The> Richness and Variety of the Language in Business Context  |c Zuzana Hrdličková 
520 |a Učebnice "Market Leader Business English" a "Ideálne idiomy v podnikovej anglickej komunikácii" predstavujú širokú škálu formálnych a neformálnych obchodných výrazov. Neformálne využívanie jazykových prostriedkov sa stáva čoraz rozšírenejšie. Idiómy sa teraz používajú viac vo formálnej písomnej forme. Článok obsahuje kmeňovú slovnú zásobu alebo blízke synonymá z viac ako 300 obchodných anglických idiomov. 
610 2 0 |a obchod medzinárodný 
610 2 0 |a jazykoveda 
610 2 0 |a jazyky cudzie 
610 2 0 |a angličtina 
610 2 0 |a jazyk obchodný 
610 2 0 |a jazyk odborný 
100 1 |a Hrdličková, Zuzana